Statistics for The 1975 - Looking For Somebody (To Love) (Lyrics)

Click here to take the quiz!

General Stats

  • This quiz has been taken 135 times
  • The average score is 264 of 299

Answer Stats

Answer% Correct
Somebody
100%
somebody
100%
for
99%
looking
99%
Looking
99%
the
99%
The
99%
to
99%
I
97%
love
97%
a
96%
A
96%
field
94%
in
92%
know
92%
should
92%
body
91%
picking
91%
they
91%
up
91%
of
90%
getting
88%
gun
88%
his
88%
were
88%
we're
88%
you
88%
You
88%
"You
88%
hand
87%
home
86%
stayed
86%
with
86%
go
84%
have
84%
just
84%
man,
84%
man
84%
running
84%
was
84%
when
84%
and
83%
fuck
83%
show
83%
good
82%
on
81%
seen
81%
don't
79%
through
79%
wanna
79%
bang
78%
bang,
78%
desire
78%
him
78%
how
78%
bitch
77%
he's
77%
should've
77%
all
75%
competition,
75%
like
75%
crying
74%
gentleman
74%
it
74%
lacking
74%
ran
74%
ran,
74%
smash
73%
type
71%
phone
70%
push
70%
supreme
69%
want
69%
already
68%
boy
68%
if
68%
lying
68%
young
66%
kill
65%
plan
65%
shove"
65%
words
64%
damned,
62%
me
62%
gotta
61%
Maybe
61%
it's
60%
Are
55%
fucked
52%
But
48%

Score Distribution

Percentile by Number Answered

Percent of People with Each Score

Your Score History

You have not taken this quiz